Solid state chemistry and physics; (Record no. 183993)
[ view plain ]
| 000 -LEADER | |
|---|---|
| fixed length control field | 00724 a2200205 4500 |
| 003 - CONTROL NUMBER IDENTIFIER | |
| control field | Nust |
| 005 - DATE AND TIME OF LATEST TRANSACTION | |
| control field | 20221011123038.0 |
| 010 ## - LIBRARY OF CONGRESS CONTROL NUMBER | |
| LC control number | 73085302 |
| 020 ## - INTERNATIONAL STANDARD BOOK NUMBER | |
| International Standard Book Number | 0824717767 |
| 040 ## - CATALOGING SOURCE | |
| Transcribing agency | Nust |
| 082 00 - DEWEY DECIMAL CLASSIFICATION NUMBER | |
| Classification number | 540,SOL |
| 100 1# - MAIN ENTRY--PERSONAL NAME | |
| Personal name | Weller, Paul F. |
| 9 (RLIN) | 99855 |
| 245 10 - TITLE STATEMENT | |
| Title | Solid state chemistry and physics; |
| Remainder of title | an introduction Vol.2 / |
| Statement of responsibility, etc. | edited by Paul F. Weller. |
| 260 ## - PUBLICATION, DISTRIBUTION, ETC. | |
| Place of publication, distribution, etc. | New York, |
| Name of publisher, distributor, etc. | M. Dekker, |
| Date of publication, distribution, etc. | 1973-74. |
| 300 ## - PHYSICAL DESCRIPTION | |
| Extent | 2 v. (xi, 934 p.) |
| Other physical details | illus. |
| Dimensions | 24 cm. |
| 505 ## - FORMATTED CONTENTS NOTE | |
| Formatted contents note | Part-2: Physical Properties and Imperfections (Page-501), Part-3: Purification and Crystal Growth (Page-721), Part 4: Some Important Examples (Page-797) |
| 650 #0 - SUBJECT ADDED ENTRY--TOPICAL TERM | |
| Topical term or geographic name entry element | Solid state chemistry. |
| 9 (RLIN) | 671 |
| 650 #0 - SUBJECT ADDED ENTRY--TOPICAL TERM | |
| Topical term or geographic name entry element | Solid state physics. |
| 9 (RLIN) | 34429 |
| 942 ## - ADDED ENTRY ELEMENTS (KOHA) | |
| Source of classification or shelving scheme | |
| Koha item type | Book |
| Withdrawn status | Lost status | Source of classification or shelving scheme | Damaged status | Not for loan | Permanent Location | Current Location | Shelving location | Date acquired | Full call number | Barcode | Date last seen | Price effective from | Koha item type | Public note |
|---|---|---|---|---|---|---|---|---|---|---|---|---|---|---|
| Military College of Signals (MCS) | Military College of Signals (MCS) | General Stacks | 12/12/2016 | 540,SOL | MCS6471 | 12/08/2016 | 12/12/2016 | Book | Almirah No.25, Shelf No.2 |
